000 00305nam a22001217a 4500
008 180515b xxu||||| |||| 00| 0 eng d
041 _aeng
080 _a043.3
100 _a0
101 _aMBE-BTH
245 _aSfidat kryesore lidhur me promovimin e investimeve: në Kosovë
_cIseni,N
942 _2udc
_cBK
999 _c45828
_d45828